Kilka krajów po francusku - Statystyki

Ogólne statystyki
  • Ten quiz został rozwiązany 52 razy
  • Średni wynik to 17 z 19
Statystyki odpowiedzi
Hint Odpowiedź % Poprawnych
Brazylia Bresil
95%
Rosja Russie
95%
Rep. Poł. Afr. Afrique Du Sud
93%
Algieria Algerie
93%
Kanada Canada
93%
Indonezja Indonesie
93%
Mongolia Mongolie
93%
Uzbekistan Ouzbekistan
93%
Polska Pologne
93%
Święta Helena Sainte-Helene
93%
Bangladesz Bangladesh
91%
Chile Chili
91%
Chiny Chine
91%
Cypr Chypre
91%
Maroko Maroc
91%
Oman Oman
91%
Tajwan Taiwan
91%
Irlandia Irlande
88%
Stany Zjednoczone Etats-Unis
86%
Nie znaleziono quizów pasujących do podanych kryteriów
Rozkład punktacji
Procent ludzi z każdym wynikiem
Percentyl według liczby udzielonych odpowiedzi
Twoja historia wyników
Nie rozwiązałeś tego quizu